<?xml version="1.0" encoding="UTF-8"?>
<record
    xmlns:xsi="http://www.w3.org/2001/XMLSchema-instance"
    xsi:schemaLocation="http://www.loc.gov/MARC21/slim http://www.loc.gov/standards/marcxml/schema/MARC21slim.xsd"
    xmlns="http://www.loc.gov/MARC21/slim">

  <leader>00897nam a22002297a 4500</leader>
  <datafield tag="010" ind1=" " ind2=" ">
    <subfield code="a">ENG-97001    G-001681</subfield>
  </datafield>
  <datafield tag="020" ind1=" " ind2=" ">
    <subfield code="a">9788190693189</subfield>
    <subfield code="c">200.00</subfield>
  </datafield>
  <datafield tag="035" ind1=" " ind2=" ">
    <subfield code="a">EN-80534</subfield>
  </datafield>
  <datafield tag="035" ind1=" " ind2=" ">
    <subfield code="a">G-001681</subfield>
  </datafield>
  <datafield tag="037" ind1=" " ind2=" ">
    <subfield code="b">DBAD/PUB</subfield>
  </datafield>
  <datafield tag="037" ind1=" " ind2=" ">
    <subfield code="b">Gift </subfield>
  </datafield>
  <datafield tag="082" ind1=" " ind2=" ">
    <subfield code="a">921</subfield>
  </datafield>
  <datafield tag="100" ind1=" " ind2=" ">
    <subfield code="a">Bandrawal, Praveen Kumar</subfield>
    <subfield code="9">1419</subfield>
  </datafield>
  <datafield tag="245" ind1=" " ind2=" ">
    <subfield code="a">Nobel awards winner Indian /</subfield>
    <subfield code="c">by Praveen Kumar Bandrawal</subfield>
  </datafield>
  <datafield tag="260" ind1=" " ind2=" ">
    <subfield code="a">New Delhi</subfield>
    <subfield code="b">Mansi Prakashan</subfield>
    <subfield code="c">2009.</subfield>
  </datafield>
  <datafield tag="270" ind1=" " ind2=" ">
    <subfield code="a">4760-61, 23, Ansari Road Daryaganj</subfield>
    <subfield code="b">New Delhi</subfield>
    <subfield code="e">110002</subfield>
  </datafield>
  <datafield tag="300" ind1=" " ind2=" ">
    <subfield code="a">95p.:</subfield>
    <subfield code="b">ill.</subfield>
    <subfield code="c">22cm (Hb)</subfield>
  </datafield>
  <datafield tag="942" ind1=" " ind2=" ">
    <subfield code="2">ddc</subfield>
    <subfield code="c">EN</subfield>
    <subfield code="h">921</subfield>
    <subfield code="m">BAN</subfield>
  </datafield>
  <datafield tag="999" ind1=" " ind2=" ">
    <subfield code="c">37666</subfield>
    <subfield code="d">37666</subfield>
  </datafield>
  <datafield tag="952" ind1=" " ind2=" ">
    <subfield code="0">0</subfield>
    <subfield code="1">0</subfield>
    <subfield code="4">0</subfield>
    <subfield code="7">1</subfield>
    <subfield code="8">NFIC</subfield>
    <subfield code="a">DBAD</subfield>
    <subfield code="b">DBAD</subfield>
    <subfield code="d">2010-07-26</subfield>
    <subfield code="e">DBAD/PUB</subfield>
    <subfield code="g">200.00</subfield>
    <subfield code="l">0</subfield>
    <subfield code="o">921</subfield>
    <subfield code="p">EN-80534</subfield>
    <subfield code="r">2010-07-26 00:00:00</subfield>
    <subfield code="t">1</subfield>
    <subfield code="v">200.00</subfield>
    <subfield code="y">EN</subfield>
  </datafield>
  <datafield tag="952" ind1=" " ind2=" ">
    <subfield code="0">0</subfield>
    <subfield code="1">0</subfield>
    <subfield code="4">0</subfield>
    <subfield code="7">0</subfield>
    <subfield code="8">NFIC</subfield>
    <subfield code="a">JP</subfield>
    <subfield code="b">JP</subfield>
    <subfield code="d">2011-10-07</subfield>
    <subfield code="e">gift</subfield>
    <subfield code="g">200.00</subfield>
    <subfield code="l">8</subfield>
    <subfield code="m">1</subfield>
    <subfield code="o">921 BAN</subfield>
    <subfield code="p">G-001681</subfield>
    <subfield code="r">2015-06-11 00:00:00</subfield>
    <subfield code="s">2015-06-05</subfield>
    <subfield code="t">1</subfield>
    <subfield code="v">200.00</subfield>
    <subfield code="w">2011-10-07</subfield>
    <subfield code="y">EN</subfield>
  </datafield>
</record>
